000 00538nam a2200181Ia 4500
008 090124s9999 xx 000 0 und d
082 _b14276
_a365
100 _aकाणेकर अनंत
245 _a खडक कोरतात आकाश
250 _a1
260 _c1964
300 _a151
600 _aकाणेकर अनंत
630 _a खडक कोरतात आकाश
700 _aकाणेकर अनंत
730 _a खडक कोरतात आकाश
942 _cBOOK
999 _c128216
_d128216